000
00190nam a22000857a 4500
003
SGT
245
_a
ISACA JOURNAL (JAN-JUNE)
260
_a
NEW DELHI
_b
MODULO RISK MANAGER
_c
2010
942
_2
ddc
_c
BV
999
_c
17024
_d
17024